000 00414nmm a2200157Ia 4500
008 251105s9999||||xx |||||||||||||||||und||
041 _aspa
100 _aBurning, Jezz
245 0 _aSucumbir a la noche
264 _a[Madrid, España] :
_bTerciopelo,
_c2011
300 _a296 páginas
490 _aTerciopelo
650 _aRomance
856 _uhttps://public.digitaliapublishing.com/a/32303
942 _cCF
999 _c100823
_d100823